• 首页
  • 本馆介绍
  • 公告通知
  • 最新文献
  • 馆藏检索
  • 电子资源
  • 读者导购
  • 参考咨询
  • 我的图书馆
  • 登录
  • 详细信息显示
  • 放入我的书架
  • 预约/预借图书
  • 作者相关作品
  • 分类相关作品
  • 丛书相关作品
  • 出版社相关作品

书目信息

  • 表格格式
  • 工作单格式
  • 卡片格式
题名:
手语365
    
 
作者: 朴永馨 主编 ;中国聋人网 , 中国教育出版网 编
分册:  
出版信息: 南京   译林出版社  2018.04
页数: 264页
开本: 24cm
丛书名:
单 册:
中图分类: H126.3
科图分类:
主题词: 手势语--中国
电子资源:
ISBN: 978-7-5447-7284-6
000 00974nam0 2200265 450
001 0108153915
005 20210308154403.0
010    @a978-7-5447-7284-6@dCNY56.80
100    @a20181129d2018 em y0chiy50 ea
101 0  @achi
102    @aCN@b320000
105    @aa z 000yy
106    @ar
200 1  @a手语365@Ashou yu 365@f中国聋人网, 中国教育出版网编
210    @a南京@c译林出版社@d2018.04
215    @a264页@c彩图@d24cm
314    @a主编:朴永馨
330    @a本书分为12个部分,共选编365个常用句子,内容涵盖日常生活中的衣食住行、社交用语、国家及地名等,每句话都配有相应的英文。本书采用国家通用手语动作,其分动作由专业人员示范拍摄,每张图片的下方均标示针对分动作的讲解。
606 0  @a手势语@y中国
690    @aH126.3@v5
701  0 @a朴永馨@Apu yong xin@4主编@f(1936-)
712 02 @a中国聋人网@Azhong guo long ren wang@4编
712 02 @a中国教育出版网@Azhong guo jiao yu chu ban wang@4编
801  0 @aCN@bBJSZM@c20210308
905    @b1272911-4@dH126.3@e75@f4
    
    手语365/中国聋人网, 中国教育出版网编.-南京:译林出版社,2018.04
    264页:彩图;24cm
    
    
    ISBN 978-7-5447-7284-6:CNY56.80
    本书分为12个部分,共选编365个常用句子,内容涵盖日常生活中的衣食住行、社交用语、国家及地名等,每句话都配有相应的英文。本书采用国家通用手语动作,其分动作由专业人员示范拍摄,每张图片的下方均标示针对分动作的讲解。
●
相关链接 在E读中查询图书 在五车中查询图书 在当当中查询图书 在豆瓣中查询图书


正题名:手语365     索取号:H126.3/75         预约/预借

序号 登录号 条形码 馆藏地/架位号 状态 备注
1 1272911   212729118   第二样本阅览室/ [索取号:H126.3/75] 在馆    
2 1272912   212729127   教育系资料室/ [索取号:H126.3/75] 在馆    
3 1272913   212729136   教育系资料室/ [索取号:H126.3/75] 在馆    
4 1272914   212729145   第四借阅区/ [索取号:H126.3/75] 在馆    
唐山师范学院图书馆 欢迎您!
大连网信软件有限公司© 版权所有